Entry Personal Name
Number of records used in: 1
001 - CONTROL NUMBER
003 - CONTROL NUMBER IDENTIFIER
005 - DATE AND TIME OF LATEST TRANSACTION
- control field:
20220106135219.0
008 - FIXED-LENGTH DATA ELEMENTS
- fixed length control field:
060213n| azannaabn |n aaa
010 ## - LIBRARY OF CONGRESS CONTROL NUMBER
- LC control number:
n 2006180516
035 ## - SYSTEM CONTROL NUMBER
- System control number:
(DNLM)1340967
035 ## - SYSTEM CONTROL NUMBER
- System control number:
(OCoLC)oca06854660
040 ## - CATALOGING SOURCE
- Original cataloging agency:
DNLM
- Language of cataloging:
eng
- Description conventions:
rda
- Transcribing agency:
DNLM
- Modifying agency:
DNLM
100 1# - HEADING--PERSONAL NAME
- Personal name:
Duffau, Hugues
670 ## - SOURCE DATA FOUND
- Source citation:
New therapeutic strategies in low-grade gliomas, c2006:
- Information found:
ECIP t.p. (Hugues Duffau (Hopital Salpetriere, France))